000 00668nam a2200229 a 4500
999 _c8812
_d8812
001 8812
003 BD-JhCC
005 20180304113658.0
008 171029s1967 bg |||| ||a| 001 0 ben d
020 _a9844460158
035 _a(BD-JhCC) 8812
040 _aBD-JhCC
_dBD-JhCC
041 _aben
082 _a920
_bMAM 1967
100 _aমামুদ, হায়াৎ
245 _aরবীন্দ্রনাথ :
_bকিশোর জীবনী /
_c হায়াৎ মামুদ
260 _aঢাকা :
_bপ্রতীক ,
_c1967.
300 _a92 p .:
_c22 cm .
650 _aBiography
942 _2ddc
_cBK